000 01464nam a2200349 i 4500
650 7 _aJudaísmo
_2
_96881
999 _c65526
_d65526
001 768714001
003 CO-MdFUSB
005 20220625062543.0
007 ta
008 200325t2004 mau |||| |||| 00| 0 eng d
020 _a9781565636767
040 _aCO-MdFUSB
_bspa
_cCO-MdFUSB
_dCO-MdFUSBC
_erda
041 _aeng
082 _223
_a225.922
_bD229
100 _aDas, A. Andrew.
_eautor
245 _aPaul and the Jews.
_c/ A. Andrew Das
264 1 _aMassachusetts :
_bHendrickson Publishers,
_c[2004]
264 4 _c© 2004
300 _a 238 páginas
_c; 23 cm.
336 _2rdacontent
_atexto
_btxt
337 _2rdamedia
_asin mediación
_bn
338 _2rdacarrier
_avolumen
_bnc
490 _aLibrary of Pauline Studies
504 _aIncluye bibliografía selecta
505 _aCapítulo 1: Pablo y los judíos: un nuevo punto de partida. -- Capítulo 2: La crisis en Galacia: salvación en Cristo y la ley mosaica - Capítulo 3: la situación en Roma: la ley-observador y la ley no observantes. -- Capítulo 4: El Mesías y la elección de Israel en Romanos. -- Capítulo 5: La prioridad de Israel entre las Naciones -- Capítulo 6: La maldición de la ley mosaica. -- Capítulo 7: la ley mosaica en la vida de los cristianos. -- Reflexiones: Pablo, el Apóstol de la esperanza.
563 _aRùstico
600 0 7 _aPablo,
_cSanto
942 _cBK
945 _aJTF-925
_bAEM-53